Quizzes
Events
Quiz Creation
Community
Videos
Private Events
Remove Ads
Sign In
Join for FREE
Feedback
Dark Mode
Quiz Categories
Sports
Geography
Music
Movies
Television
Just For Fun
Miscellaneous
History
Literature
Language
Science
Gaming
Entertainment
Religion
Holiday
For Kids
Quiz Lab
Recent
Popular Today
Quiz Kudos Today
Editor Picks
Curator Picks
Quizzes by...
Day
Popularity
Type
Ratings
Length
Year
Community
Subscriptions
Recent Discussions
Orange Saloon
Badges
Playlists
Quests
Create
Leaderboards
Showdown
Live 5
Trivia Bingo
Activity
Puzzle Library
Sporcle Events
Private Events
Virtual Trivia
Globe League
Become a Host
Pub Owners
SporcleCon
Opinionation
Our Games
Videos
Blog
Mobile Apps
Partnerships
Remove Ads and Go Orange
Feedback
Geography
Country
Landmarks
City
State
Population
World
Capital
Continent
Flags
Europe
Africa
Asia
South America
North America
Oceania
Border
Canada
United Kingdom
Topography
United States
Geography
Country
Landmarks
City
State
Population
World
Capital
Continent
Flags
Europe
Africa
Asia
South America
North America
Oceania
Border
Canada
United Kingdom
Topography
United States
Random Quiz
Search Sporcle
×
Quiz Lab
Quiz Lab
Geography
Border
Type in answers that appear in a list
Type in answers that appear in a list
Classic
Best Score? Go Orange.
American Border Journey Stats
Can you name the the trip around the United States you're making by only traveling through states' longest borders***?
By
kenttsu
10m
76 Questions
187 Plays
187 Plays
187 Plays
Comments
Comments
Give Quiz Kudos
Give Quiz Kudos
-
- Ratings
hide this ad
More Info
Forced Order
Answers have to be entered in order
Answers have to be entered in order
Replay
Link that replays current quiz
Next Quiz
Link to next quiz in quiz playlist
You Got
0%
They Got
Avg Score
56%
Avg Friend Score
Upgrade to see
Score Distribution
Jump to the score distribution portion of the page
Score
0/76
Timer
10:00
0
Plays Today
Start/Finish
Next Destination:
% Correct
Louisiana
Mississippi
99.5%
↓
Alabama
98.4%
↓
Georgia
96.3%
↓
Florida
95.7%
↓
Alabama
82.9%
↓
Tennessee
80.2%
↓
Kentucky
80.2%
↓
Indiana
78.1%
↓
Illinois
77%
↓
Missouri
76.5%
↓
Arkansas
73.8%
↓
Mississippi
71.1%
↓
Tennessee
69.5%
↓
North Carolina
68.4%
↓
Virginia
68.4%
↓
West Virginia
68.4%
↓
Ohio
67.9%
↓
Indiana
67.9%
↓
Michigan
67.9%
↓
Wisconsin
67.9%
↓
Minnesota
67.9%
↓
Iowa
66.8%
↓
Missouri
66.3%
↓
Kansas
66.3%
↓
Oklahoma
66.3%
↓
Texas
66.3%
↓
New Mexico
65.8%
↓
Arizona
65.8%
↓
Utah
65.8%
↓
Nevada
65.8%
↓
California
65.8%
↓
Oregon
65.8%
↓
Washington
65.8%
↓
Idaho
65.8%
↓
Montana
65.8%
↓
Wyoming
65.8%
↓
Colorado
65.2%
↓
New Mexico
63.6%
Start/Finish
Next Destination:
% Correct
↓
Arkansas
63.1%
↓
Oklahoma
63.1%
↓
Louisiana
60.4%
↓
Texas
59.9%
↓
Arkansas
57.2%
↓
Tennessee
55.6%
↓
Virginia
52.4%
↓
Maryland
52.4%
↓
Pennsylvania
52.4%
↓
New York
52.4%
↓
New Jersey
51.3%
↓
Pennsylvania
49.7%
↓
West Virginia
49.2%
↓
Maryland
47.6%
↓
Delaware
47.1%
↓
Ohio
45.5%
↓
Pennsylvania
45.5%
↓
Kentucky
44.4%
↓
Illinois
41.2%
↓
Iowa
40.1%
↓
Nebraska
37.4%
↓
South Dakota
36.4%
↓
North Dakota
36.4%
↓
Minnesota
35.8%
↓
South Dakota
34.8%
↓
Wyoming
34.2%
↓
Utah
34.2%
↓
Colorado
32.1%
↓
Kansas
29.9%
↓
Nebraska
29.9%
↓
Colorado
28.9%
↓
Oklahoma
26.7%
↓
Missouri
26.2%
↓
Tennessee
26.2%
↓
Georgia
23.5%
↓
South Carolina
23%
↓
North Carolina
21.9%
FINISH IN
Georgia!
19.3%
Quiz Playlist
Details
Report
Send in Message
Add To Playlist
More Info:
***IMPORTANT RULE: You can visit a state several times but you can cross each border only once. The original concept by Unidentifiedkiwi.
Classic:
Type in answers that appear in a list
Forced Order:
Answers have to be entered in order
Quiz Source
Last Updated: Feb 16, 2017
Quiz Scoreboard
CHALLENGE
Sign Up to Join the Scoreboard
Show All
Scores
Hide
Comments
May contain spoilers
Recently Published
Presidents Visiting Landmarks
by Hejman
History
7m
An Introduction to Baseball
by treessimontrees
Sports
5m
Movies - When Are They Set?
by FPL_Elf
Movies
5m
More to Explore
Quiz From the Vault
Featured Blog Post
Where Did the Easter Bunny Come From?
hide this ad
You Might Also Like...
Tags
Border Quiz
State Quiz
United States Quiz
America
destination
finish
Journey
length
longest
mile
Next
start
Travel
trip
United
Today's Top Quizzes in Geography
Browse Geography
hide this ad
Today's Top Quizzes in Border
Browse Border
Top Contributed Quizzes in Geography
1
Countries of the World - No Outlines Minefield
2
Top 25 Cities of France on a map
3
Any capital of a 'B' country per Continent
4
Closest Countries to UK A-Z
5
Any capital of a 'C' country per Continent
6
One Thing in Common: United Kingdom
7
Any capital of a 'D' country per Continent
8
Find the Provinces of Canada - No Outlines Minefield
9
5-to-1: US Geography No Hints
10
Any capital of an 'E' country per Continent
Explore More
Trending Topics
NBA
Kpop
Disney
Anime
Marvel
Harry Potter
Crossword
WWE
The Office
Puzzle
Country
Song
NFL
Soccer
Pokémon
hide this ad
More By:
kenttsu
Quiz
Plays
Rating
Category
Featured
Created
Identical names in English and Latin
261
4.50
Geography
Nov 23, 2010
American Border Journey
187
3.50
Geography
Jul 27, 2010
Country by Game Developer
180
4.71
Gaming
Sep 26, 2009
Go to Creator's Profile
Score Distribution
Quiz Creator Spotlight
kenttsu
Follow
Send a Message
Quizzes Created
-
Created Quiz Play Count
-
More By This Creator
Popular Quizzes Today
1
Find the US States - No Outlines Minefield
2
Find the Countries of Europe - No Outlines Minefield
3
The Countries of the World
4
Find the US States
5
Popular People in 1961
6
US States
7
Risky Map Clicking: Biggest States A-Z
8
1-10 Letter E Words III
More Geography Quizzes
One Subcategory in 15 Categories - Africa
Published
Trending Quizzes
Risky Map Clicking: Least Populous States A-Z
1-10 Letter G Words
1-10 Letter F Words
One Thing in Common: United Kingdom
Risky Map Clicking: Next State Alphabetically
Recently Updated
Leaping Animals
pecheneg
Reality TV Shows (A-Z)
bhenderson79
Rickey Henderson's Hall of Fame Teammates
pecheneg
Champions League XIs: Arsenal
pecheneg
Quick Pick: Celebrities in WWE's Hall of Fame
aduchscher
A-Z Keypad Blitz II
pecheneg
Multiple Oscar Actors
pecheneg
Mystery Phrase Blitz: Oscar 'Best Actors'
pecheneg
F. Scott Fitzgerald Novels
LTH
Pick 3 Villains
ddd62291
Trending Topics
Harry Potter
NBA
Disney
Crossword
Marvel
Anime
Kpop
Country
The Office
NFL
Soccer
Puzzle
Song
Pokémon
WWE
Your Account Isn't Verified!
In order to create a playlist on Sporcle, you need to verify the email address you used during registration. Go to your
Sporcle Settings
to finish the process.
Report this User
Report this user for behavior that violates our
Community Guidelines
.
Details:
Send Report
Go to the Sporcle.com Mobile Site →
Comments